Bookworm short stories 50

Bibliographic Details
Format: Book
Published: Singapore : Bookworm Publishing , 1993
Series:Bookworm
Subjects:

MARC

LEADER 00000cam a2200000 7i4500
001 0000008380
002 000009135
005 20011108.0
020 |a 9813023171 
090 0 0 |a JF   |b BOO 
245 0 0 |a Bookworm short stories 50 
260 |a Singapore :   |b Bookworm Publishing ,   |c 1993 
300 |a 75p. :   |b ill ;   |c 17cm. 
490 0 |a Bookworm 
650 0 0 |a Children's stories 
999 |a 047087   |b BUKU   |c PINJAMAN   |e PERPUSTAKAAN KOMUNITI PETALING JAYA 
999 |a 050800   |b BUKU   |c PINJAMAN   |e PERPUSTAKAAN KOMUNITI PETALING JAYA 
999 |a 050801   |b BUKU   |c PINJAMAN   |e PERPUSTAKAAN KOMUNITI PETALING JAYA 
999 |a 050802   |b BUKU   |c PINJAMAN   |e PERPUSTAKAAN KOMUNITI PETALING JAYA